| 000 | 01270pam a2200325 a 4500 | ||
|---|---|---|---|
| 001 | 2504879 | ||
| 003 | OSt | ||
| 005 | 20230620144217.0 | ||
| 008 | 920708s1993 maua b 001 0 eng | ||
| 010 | _a 92027361 | ||
| 020 | _a0674405250 (acidfree paper) | ||
| 040 |
_aDLC _cDLC _dDLC |
||
| 043 | _an-us--- | ||
| 050 | 0 | 0 |
_aJK1118 _b.H55 1993 |
| 082 | 0 | 0 |
_a324/.4/0973 _220 _bHEI |
| 245 | 0 | 4 |
_aThe hollow core : _bprivate interests in national policy making / _cJohn P. Heinz ... [et al.]. |
| 260 |
_aCambridge, Mass. : _bHarvard University Press, _c1993. |
||
| 300 |
_axix, 450 p. : _bill. ; _c25 cm. |
||
| 504 | _aIncludes bibliographical references (p. [427]-439) and index. | ||
| 650 | 0 |
_aLobbying _zUnited States. |
|
| 650 | 0 |
_aPressure groups _zUnited States. |
|
| 650 | 0 |
_aAgriculture and state _zUnited States _xDecision making. |
|
| 650 | 0 |
_aEnergy policy _zUnited States _xDecision making. |
|
| 650 | 0 |
_aMedical policy _zUnited States _xDecision making. |
|
| 650 | 0 |
_aLabor policy _zUnited States _xDecision making. |
|
| 700 | 1 |
_aHeinz, John P., _d1936- |
|
| 906 |
_a7 _bcbc _corignew _d1 _eocip _f19 _gy-gencatlg |
||
| 942 |
_2ddc _cBK |
||
| 999 |
_c1804 _d1804 |
||